Econometric analysis of cross section and panel data (Registro nro. 6058)
[ vista simple ]
| 000 -LEADER | |
|---|---|
| fixed length control field | 01786 a2200229 4500 |
| 001 - CONTROL NUMBER | |
| control field | 56887 |
| 005 - DATE AND TIME OF LATEST TRANSACTION | |
| control field | 20260407155832.0 |
| 008 - FIXED-LENGTH DATA ELEMENTS--GENERAL INFORMATION | |
| fixed length control field | 260407a2002 arg spa d |
| 003 - CONTROL NUMBER IDENTIFIER | |
| control field | AR-UNSa-BCEJYS |
| 040 ## - CATALOGING SOURCE | |
| Original cataloging agency | AR-UNSa-BCEJYS |
| Language of cataloging | spa |
| Transcribing agency | AR-UNSa-BCEJYS |
| 080 ## - UNIVERSAL DECIMAL CLASSIFICATION NUMBER | |
| Universal Decimal Classification number | 330.43 |
| Common auxiliary subdivision | Econometría |
| 020 ## - INTERNATIONAL STANDARD BOOK NUMBER | |
| International Standard Book Number | 978-0-262-23219-7 |
| 041 ## - LANGUAGE CODE | |
| Language code of text/sound track or separate title | spa |
| 100 1# - MAIN ENTRY--PERSONAL NAME | |
| Personal name | Wooldridge, Jeffrey M. |
| 245 10 - TITLE STATEMENT | |
| Title | Econometric analysis of cross section and panel data |
| 264 #1 - PRODUCTION, PUBLICATION, DISTRIBUTION, MANUFACTURE, AND COPYRIGHT NOTICE | |
| Place of production, publication, distribution, manufacture | Cambridge : |
| Name of producer, publisher, distributor, manufacturer | The MIT Press |
| Date of production, publication, distribution, manufacture, or copyright notice | 2002 |
| 300 ## - PHYSICAL DESCRIPTION | |
| Extent | xxi, 752 p. |
| Dimensions | 23 cm. |
| 505 ## - FORMATTED CONTENTS NOTE | |
| Formatted contents note | 1. Introduction - 2. Conditional expectations and related concepts in econometrics - 3. Basic asymptotic theory - 4. Single-equation linear model and ordinary least squares estimation - 5. Instrumental variables estimation of single-equation linear models - 6. Additional single-equation topics - 7. Estimating systems of equations by ordinary least squares and generalized least squares - 8. System estimation by instrumental variables - 9. Simultaneous equations models - 10. Basic linear unobserved effects panel data models - 11. More topics in linear unobserved effects models - 12. M-estimation, nonlinear regression, and quantile regression - 13. Maximum likelihood methods - 14. Generalized method of moments and minimum distance estimation - 15. Binary response models - 16. Multinomial and ordered response models - 17. Corner solution responses - 18. Count, fractional, and other nonnegative responses - 19. Censored data, sample selection, and attrition - 20. Stratified sampling and cluster sampling - 21. Estimating average treatment effects - 22. Duration analysis |
| 590 ## - LOCAL NOTE (RLIN) | |
| Local note | niveau_biblio:m niveau_hierar:0 |
| 856 41 - ELECTRONIC LOCATION AND ACCESS | |
| Uniform Resource Identifier | <a href="https://biblioeco.unsa.edu.ar/pmb/images/libros/L128615.jpg">https://biblioeco.unsa.edu.ar/pmb/images/libros/L128615.jpg</a> |
| Link text | Imagen de portada |
| Electronic format type | image/jpeg |
| 942 ## - ADDED ENTRY ELEMENTS (KOHA) | |
| Koha item type | |
| Withdrawn status | Lost status | Damaged status | Not for loan | Home library | Current library | Shelving location | Date acquired | Total checkouts | Full call number | Barcode | Date last seen | Price effective from | Koha item type |
|---|---|---|---|---|---|---|---|---|---|---|---|---|---|
| Biblioteca Prof. Eusebio Cleto del Rey | Biblioteca Prof. Eusebio Cleto del Rey | 07/04/2026 | 330.43 W913e | L128615 | 07/04/2026 | 07/04/2026 | Libro |